000 00429nam a2200169 a 4500
001 0000-8849
003 ELIB.Books
008 110520 1973
035 _a(ELIB.Books)0000-8995
082 _a100
_bHud
100 _aHudson, R. Lofton
245 _aTil Divorce Do Us Part
260 _bNashville: Thomas Nelson Inc.
_c1973
650 _aSocial Theology
942 _2ddc
_cBK
998 _cbat
_e2011-05-20
999 _c8849
_d8849